00535 2200205 4500001002100000005001500021035002000036007000300056008004100059020002200100082000800122084001400130100001700144245004800161260004400209300003200253650002000285990001200305990001200317INLIS00000000000180420180326033210 a0010-0318000147ta180326 g 0 ind  a978-602-04-0089-1 a028 a028 MAR l0 aMARLINA, Ali1 aLancar Menulis Huruf Hijaiah /cMarlina Ali aJakarta :bElex Media Komputindo,c2017 a134 hlm. :bilus. ;c20 cm. aBUKU DAN BACAAN a16461 a a16461 b